=LDR 00000nam 2200000 4500 =001 INLIS000000000002170 =005 20130612090529 =008 ***********************************Ind** =035 ##$$0010-061300000002170 =041 ##$$a Ind =082 ##$$a 726.1 =090 ##$$a 726.1, Sri p =100 ##$$a SriSugianti =245 ##$$a Percandian gedong Songo, Sri Sugiyanti =260 ##$$a 1997 $b Jakarta =300 ##$$a v, 45 hlm, ilus, Sri Sugiyanti =650 ##$$a Candi - Gendong Songo =850 ##$$a NBPNMAT